Guess the Rare Statistics - Statistics

General Stats
  • This quiz has been taken 65 times
  • The average score is 5 of 12
Answer Stats
Hint Answer % Correct
Larger than India Australia
82%
Smaller than Luxembourg Andorra
76%
Less Populous than Samoa Andorra
63%
Lower Life Expectancy than Mali Somalia
47%
More Dense than Barbados Bangladesh
39%
More Developed than Iceland Norway
37%
Richer than South Korea Italy
33%
More Populous than Ethiopia Nigeria
31%
Less Dense than Guyana Australia
29%
Poorer than Suriname Bhutan
16%
Less Developed than Tanzania Nigeria
16%
Higher Life Expectancy than Israel Australia
8%
No matching quizzes found
Score Distribution
Percent of People with Each Score
Percentile by Number Answered
Your Score History
You have not taken this quiz